000 00485nam a2200181Ia 4500
999 _c28004
_d28004
003 OSt
005 20201221145145.0
008 190216s9999||||xx |||||||||||||| ||und||
020 _a9788126400270
040 _coclc
082 _a894.812
_bMEN/P
100 _aMenon, Asha
_97046
245 0 _aPayasvini /
_cAsha Menon
260 _bD C Books,
_aKottayam:
_c1999.
300 _a180p
650 _aNiroopanam
942 _cBK
_2ddc
_h894.812
_iMEN/P
_k894.812
_mMEN/P